| 000 | 01430naa a22003737a 4500 | ||
|---|---|---|---|
| 001 | BR7602682 | ||
| 003 | BR-BrBNA | ||
| 005 | 20240918173842.0 | ||
| 007 | ta | ||
| 008 | 230509b bl.||||| |||| 00| 0 por d | ||
| 040 |
_aBR-BrBNA _bpor _cBiblioteca Nacional de Agricultura |
||
| 041 | _a(Pt) | ||
| 072 |
_aL36; L74 _b5200 _b3730 _b3790 |
||
| 090 | _aL36 BR7602682 | ||
| 100 | 1 | _aShirley, R.L. | |
| 100 | 1 | _aMariante, A. | |
| 111 | 1 |
_aSimposio Latino-Americano sobre Pesquisa em Nutricao Mineral de Ruminantes em Pastagens _cBelo Horizonte, MG (Brazil) _d22 Mar 1976 |
|
| 245 | 1 | _aEnxofre na nutricao de ruminantes [Composicao de alimento; Nutriente mineral; Aminoacido; Macroelemento] | |
| 260 | 3 |
_aBelo Horizonte, MG (Brasil): _c1976. |
|
| 500 | _aSimposio Latino-Americano sobre Pesquisa em Nutricao Mineral de Ruminantes em Pastagens Belo Horizonte, MG (Brasil): 1976. p. 130-147 (BR7602682-AM)L36 | ||
| 650 | _aComposicao de alimento | ||
| 650 | _aDisturbio animal | ||
| 650 | _aRuminante | ||
| 650 | _aEnxofre | ||
| 650 | _aAminoacido | ||
| 650 | _aOvino | ||
| 650 | _aBovino | ||
| 650 | _aSuplemento mineral | ||
| 650 | _aNutriente mineral | ||
| 650 | _aDeficiencia | ||
| 773 | 0 |
_tSimposio Latino-Americano sobre Pesquisa em Nutricao Mineral de Ruminantes em Pastagens _wL36 BR7602682 _gBelo Horizonte, MG (Brasil), 1976. p. 130-147 |
|
| 909 |
_a202404 _bLucia _c55 _dLucia Elande |
||
| 942 |
_cAM _2AGRIS |
||
| 999 |
_c307287 _d307287 |
||